000 00379nam a22001577a 4500
005 20200528100518.0
008 200528b xxu||||| |||| 00| 0 eng d
041 _aeng
082 _a340
100 _aBARE ACT
_95744
245 _aTHE HIRE -PURCHASE ACT,1972 (26-1972)
260 _aDELHI
_bPROFESSIONALS BOOK PUBLISHERS
300 _a20;p
650 _aLAW
_95701
942 _cBK
999 _c6554
_d6552